[Event "Mumbai Mayors Cup 1st"]
[Site "Mumbai"]
[Date "2008.05.18"]
[Round "10"]
[White "Samyak, Baid"]
[Black "Navalgund, Niranjan"]
[Result "0-1"]
[WhiteElo "1748"]
[BlackElo "2086"]
[PlyCount "42"]
[EventDate "2008.05.11"]
[EventType "swiss"]
[EventRounds "11"]
[EventCountry "IND"]
[SourceTitle "CBM 124 Extra"]
[Source "ChessBase"]
[SourceDate "2008.07.03"]
[SourceVersion "1"]
[SourceVersionDate "2008.07.03"]
[SourceQuality "1"]

1. e4 c5 2. Nc3 Nc6 3. Bb5 a6 4. Bxc6 dxc6 5. d3 e5 6. Nf3 Bd6 7. b3 Ne7 8. 0-0 0-0 9. Be3 Bg4 10. Na4 b6 11. b4 cxb4 12. Nxb6 Rb8 13. Nc4 f5 14. exf5 Nxf5 15. Nfd2 Nh4 16. h3 Nf3+ 17. Nxf3 Bxf3 18. gxf3 Qh4 19. Kg2 Rf6 20. Rg1 Rbf8 21. Qe2 Qh5 0-1

[Event "Mumbai Mayors Cup 1st"]
[Site "Mumbai"]
[Date "2008.05.12"]
[Round "3"]
[White "Samyak, Baid"]
[Black "Sangeetha, MR."]
[Result "0-1"]
[WhiteElo "1748"]
[BlackElo "2102"]
[PlyCount "90"]
[EventDate "2008.05.11"]
[EventType "swiss"]
[EventRounds "11"]
[EventCountry "IND"]
[SourceTitle "CBM 124 Extra"]
[Source "ChessBase"]
[SourceDate "2008.07.03"]
[SourceVersion "1"]
[SourceVersionDate "2008.07.03"]
[SourceQuality "1"]

1. e4 c5 2. Nf3 Nc6 3. d4 cxd4 4. Nxd4 Nf6 5. Nc3 e5 6. Ndb5 d6 7. Bg5 a6 8. Na3 b5 9. Bxf6 gxf6 10. Nd5 f5 11. Bd3 Be6 12. 0-0 Bxd5 13. exd5 Ne7 14. Nxb5 Bg7 15. Nc3 e4 16. Be2 Qa5 17. Bc4 Bxc3 18. bxc3 Qxc3 19. Bb3 0-0 20. Re1 Ng6 21. Re3 Qg7 22. Bc4 Rfe8 23. Kh1 f4 24. Re1 Re5 25. Rb1 Nh4 26. Rg1 Rg5 27. Qf1 a5 28. Rb6 Nf5 29. Qb1 Qd4 30. Rb8+ Rxb8 31. Qxb8+ Kg7 32. Qd8 h6 33. Qc7 Qxf2 34. h3 f3 35. g4 Ng3+ 36. Rxg3 Qxg3 37. Bf1 Rxd5 38. Qc3+ Qe5 39. Qxe5+ Rxe5 40. Kg1 e3 41. c4 e2 42. c5 e1Q 43. cxd6 Qg3+ 44. Kh1 Re1 45. d7 Rxf1# 0-1